| 000 | 01369cam a2200313 4500 | ||
|---|---|---|---|
| 001 | |||
| 008 | 000000n2001 000 0 eng u | ||
| 020 | _a1842190350 | ||
| 020 | _a9781842190357 | ||
| 035 | _a(Sirsi) u109413 | ||
| 041 | _aeng | ||
| 050 | _a025.00285 | ||
| 110 |
_aRoyal Institution of Chartered Surveyors _94900 |
||
| 245 | _aElectronic document storage : legal admissibility | ||
| 260 |
_aLondon _bRICS _c2001 |
||
| 300 | _a26p. ; 30cm. | ||
| 350 | _a0 | ||
| 490 | _aRICS Information Paper | ||
| 520 | _aCovers legal admissibility of electronic document storage. Looks at authenticity and reliability of documents stored in this way and examines Code of Practice - DISC PD 0008 - that has been introduced, including: types of systems covered by the Code; types of data files; who the Code is for; the creation of a policy document; quality control; destruction of original documents; system maintenance; security and protection; and back-up and data recovery. | ||
| 520 | _aSuperseded by second edition [ISBN 184219125X]. | ||
| 650 | _aADMISSIBLE EVIDENCE | ||
| 650 | _aADMISSIBILITY | ||
| 650 | _aCODE OF PRACTICE | ||
| 650 | _aBS DISC PD 0008: 1999 | ||
| 650 | _aELECTRONIC DOCUMENT MANAGEMENT SYSTEMS | ||
| 650 | _aELECTRONIC DOCUMENTS | ||
| 690 | _aMANAGEMENT-BUSINESS MANAGEMENT-INFORMATION MANAGEMENT | ||
| 942 |
_n0 _2ddc |
||
| 999 |
_c100937 _d100937 |
||